Les Départements les plus pauvres de France - Statistiques

Statistiques générales
  • Ce quiz a été pris 70 fois
  • Le résultat moyen est 51 sur 96
Statistiques - réponses
classement Taux de pauvreté départements % Correct
41 14% Paris
77%
01 26% Seine-Saint-Denis
77%
66 12% Loire
74%
06 20% Pas-de-Calais
74%
69 12% Ain
72%
47 14% Bouches-du-Rhône
72%
12 18% Nord
72%
92 10% Finistère
69%
79 11% Rhône
69%
60 13% Loiret
66%
21 17% Corse-du-Sud
65%
31 15% Hérault
65%
05 20 Haute-Corse
63%
50 14% Calvados
62%
82 11% Côtes-d'Armor
62%
02 23% Creuse
62%
63 13% Gironde
60%
48 14% Var
60%
94 09% Yvelines
60%
03 22% Aisne
58%
91 10% Haute-Savoie
58%
77 12% Hauts-de-Seine
58%
64 12% Loir-et-Cher
58%
88 10% Savoie
58%
30 15% Seine-Maritime
58%
57 13% Val-d'Oise
58%
24 16% Vaucluse
58%
83 11% Bas-Rhin
57%
17 17% Gard
57%
72 12% Haut-Rhin
57%
76 12% Alpes-Maritimes
55%
04 22% Ardennes
55%
51 14% Charente
55%
86 11% Essonne
55%
38 15% Hautes-Alpes
55%
78 11% Seine-et-Marne
55%
32 15% Val-de-Marne
55%
67 12% Cantal
54%
73 12% Charente-Maritime
54%
56 13% Côte-d'Or
54%
33 15% Eure
54%
96 09% Loire-Atlantique
54%
23 16% Moselle
54%
42 14% Oise
54%
15 17% Pyrénées-Orientales
54%
11 18% Somme
54%
93 10% Vendée
54%
34 15% Allier
52%
28 15% Alpes-de-Haute-Provence
52%
45 14% Ardèche
52%
09 19% Aube
52%
39 14% Jura
52%
89 10% Morbihan
52%
36 15% Tarn
52%
08 19% Aude
51%
59 13% Aveyron
51%
52 14% Cher
51%
65 12% Corrèze
51%
25 16% Dordogne
51%
55 13% Indre
51%
75 12% Isère
51%
70 12% Landes
51%
14 17% Ariège
49%
44 14% Doubs
49%
90 10% Haute-Garonne
49%
53 14% Drôme
48%
49 14% Lozère
48%
43 14% Marne
48%
35 15% Meurthe-et-Moselle
48%
27 15% Territoire de Belfort
48%
58 13% Deux-Sèvres
46%
46 14% Eure-et-Loir
46%
26 16% Gers
46%
95 09% Ille-et-Vilaine
46%
85 11% Indre-et-Loire
46%
29 15% Lot
46%
81 11% Mayenne
46%
84 11% Pyrénées-Atlantiques
46%
16 17% Yonne
46%
71 12% Haute-Loire
45%
10 18% Haute-Marne
45%
37 15% Nièvre
45%
22 16% Tarn-et-Garonne
45%
68 12% Vienne
45%
19 17% Lot-et-Garonne
43%
61 13% Manche
43%
07 19% Meuse
43%
20 17% Orne
43%
80 11% Puy-de-Dôme
43%
54 14% Saône-et-Loire
43%
18 17% Vosges
42%
13 18% Haute-Saône
40%
40 14% Hautes-Pyrénées
40%
74 12% Haute-Vienne
40%
87 10% Maine-et-Loire
40%
62 13% Sarthe
37%
Aucun quiz correspondant
Distribution des résultats
% des personnes avec chaque résultat
Percentile par nombre de réponses
Votre historique - résultats
Vous n’avez pas pris ce quiz